[Event "WCO 2016"]
[Site "?"]
[Date "2016.09.13"]
[Round "11"]
[Board "22"]
[WhiteID "13900196"]
[White "Petrenko Svetlana"]
[BlackID "14601982"]
[Black "Krivec Jana"]
[Result "0-1"]
[BlackElo "2259"]
[WhiteElo "2176"]
[LiveChessVersion "1.4.8"]

1. e4 {[%clk 1:30:58]} e5 {[%clk 1:30:55]} 2. Nf3 {[%clk 1:31:23]} Nc6
{[%clk 1:31:22]} 3. Bb5 {[%clk 1:31:04]} Nge7 {[%clk 1:31:33]} 4. c4
{[%clk 1:25:40]} g6 {[%clk 1:30:17]} 5. d3 {[%clk 1:22:45]} Bg7 {[%clk 1:30:23]}
6. Nc3 {[%clk 1:22:25]} O-O {[%clk 1:29:31]} 7. O-O {[%clk 1:22:25]} d6
{[%clk 1:28:40]} 8. h3 {[%clk 1:20:10]} h6 {[%clk 1:24:27]} 9. Nd5
{[%clk 1:14:47]} f5 {[%clk 1:18:31]} 10. Nxe7+ {[%clk 1:14:20]} Qxe7
{[%clk 1:14:28]} 11. Rb1 {[%clk 0:56:33]} g5 {[%clk 1:03:49]} 12. Nh2
{[%clk 0:50:39]} Nd4 {[%clk 0:54:24]} 13. Ba4 {[%clk 0:50:44]} Be6
{[%clk 0:36:54]} 14. f3 {[%clk 0:48:38]} fxe4 {[%clk 0:28:24]} 15. fxe4
{[%clk 0:49:02]} Rxf1+ {[%clk 0:24:59]} 16. Nxf1 {[%clk 0:47:46]} Rf8
{[%clk 0:25:22]} 17. Nh2 {[%clk 0:47:50]} c6 {[%clk 0:21:31]} 18. Be3
{[%clk 0:41:01]} d5 {[%clk 0:16:07]} 19. exd5 {[%clk 0:29:15]} cxd5
{[%clk 0:16:34]} 20. Bxd4 {[%clk 0:28:42]} exd4 {[%clk 0:16:58]} 21. Qe2
{[%clk 0:28:42]} Qf6 {[%clk 0:08:41]} 22. Rf1 {[%clk 0:15:42]} Qg6
{[%clk 0:09:01]} 23. Rxf8+ {[%clk 0:15:59]} Bxf8 {[%clk 0:09:14]} 24. cxd5
{[%clk 0:16:02]} Bxd5 {[%clk 0:09:32]} 25. Be8 {[%clk 0:15:17]} Qe6
{[%clk 0:07:54]} 26. Qxe6+ {[%clk 0:15:31]} Bxe6 {[%clk 0:08:22]} 27. b3
{[%clk 0:15:20]} Bf5 {[%clk 0:06:41]} 28. Bb5 {[%clk 0:15:39]} Kf7
{[%clk 0:05:33]} 29. Nf3 {[%clk 0:15:17]} Bg7 {[%clk 0:05:55]} 30. Bc4+
{[%clk 0:14:29]} Ke7 {[%clk 0:06:23]} 31. g4 {[%clk 0:13:13]} Bd7
{[%clk 0:04:18]} 32. Bd5 {[%clk 0:12:21]} b5 {[%clk 0:04:01]} 33. Kf2
{[%clk 0:09:09]} Kd6 {[%clk 0:03:54]} 34. Bg8 {[%clk 0:06:51]} Kc5
{[%clk 0:03:44]} 35. a3 {[%clk 0:06:09]} a5 {[%clk 0:04:02]} 36. Nd2
{[%clk 0:02:34]} Bc6 {[%clk 0:04:09]} 37. Ne4+ {[%clk 0:01:58]} Kb6
{[%clk 0:02:59]} 38. Nd6 {[%clk 0:01:22]} Bf8 {[%clk 0:03:09]} 39. Nf5
{[%clk 0:01:47]} Bxa3 {[%clk 0:03:04]} 40. Nxh6 {[%clk 0:32:03]} Kc5
{[%clk 0:31:31]} 41. Nf5 {[%clk 0:27:25]} Bc1 {[%clk 0:17:28]} 42. Ke2
{[%clk 0:24:46]} a4 {[%clk 0:16:51]} 43. bxa4 {[%clk 0:13:05]} bxa4
{[%clk 0:17:17]} 44. Kd1 {[%clk 0:13:18]} Be3 {[%clk 0:14:34]} 45. Kc2
{[%clk 0:06:54]} Bf2 {[%clk 0:14:33]} 46. Ne7 {[%clk 0:03:41]} Bg2
{[%clk 0:14:38]} 47. Ng6 {[%clk 0:02:15]} Bxh3 {[%clk 0:14:41]} 48. Be6
{[%clk 0:02:28]} Bf1 {[%clk 0:11:33]} 49. Bf5 {[%clk 0:02:17]} Kb4
{[%clk 0:07:03]} 50. Ne5 {[%clk 0:02:08]} Bg2 {[%clk 0:07:28]} 51. Be4
{[%clk 0:00:52]} Bxe4 {[%clk 0:04:39]} 52. dxe4 {[%clk 0:01:21]} Be3
{[%clk 0:04:57]} 53. Nd3+ {[%clk 0:00:43]} Kc4 {[%clk 0:04:36]} 54. Nb2+
{[%clk 0:00:50]} Kb5 {[%clk 0:04:56]} 55. Nd3 {[%clk 0:00:33]} Bg1
{[%clk 0:02:18]} 56. Ne5 {[%clk 0:00:38]} Bf2 {[%clk 0:02:06]} 57. Nf3
{[%clk 0:00:43]} Be3 {[%clk 0:02:30]} 58. Ne5 {[%clk 0:01:05]} Bf4
{[%clk 0:02:50]} 59. Nd3 {[%clk 0:01:19]} Bd6 {[%clk 0:03:06]} 60. e5
{[%clk 0:01:11]} Be7 {[%clk 0:03:24]} 61. e6 {[%clk 0:01:16]} Kc6
{[%clk 0:03:12]} 62. Nc1 {[%clk 0:00:45]} Kd5 {[%clk 0:03:31]} 63. Kd3
{[%clk 0:00:52]} Bc5 {[%clk 0:03:28]} 64. Na2 {[%clk 0:00:40]} Kxe6
{[%clk 0:03:37]} 65. Ke4 {[%clk 0:01:09]} a3 {[%clk 0:03:04]} 66. Nc1
{[%clk 0:01:30]} Kd7 {[%clk 0:03:23]} 67. Kd5 {[%clk 0:01:33]} Bb6
{[%clk 0:02:49]} 68. Kc4 {[%clk 0:01:42]} Kd6 {[%clk 0:02:59]} 69. Kb3
{[%clk 0:01:46]} Ke5 {[%clk 0:02:16]} 70. Kxa3 {[%clk 0:01:47]} Kf4
{[%clk 0:02:43]} 71. Kb4 {[%clk 0:01:41]} Kxg4 {[%clk 0:03:08]} 72. Kb5
{[%clk 0:01:46]} Ba7 {[%clk 0:03:26]} 73. Kc4 {[%clk 0:01:16]} Kf3
{[%clk 0:02:30]} 74. Nd3 {[%clk 0:01:02]} g4 {[%clk 0:02:47]} 75. Ne5+
{[%clk 0:01:17]} Kf4 {[%clk 0:03:00]} 76. Nd3+ {[%clk 0:01:06]} Ke3
{[%clk 0:03:17]} 77. Ne1 {[%clk 0:00:33]} g3 {[%clk 0:03:38]} 0-1

[Event "WCO 2016"]
[Site "?"]
[Date "2016.09.13"]
[Round "11"]
[Board "23"]
[WhiteID "14607093"]
[White "Kolaric Spela"]
[BlackID "13904108"]
[Black "Hincu Olga"]
[Result "1-0"]
[BlackElo "2125"]
[WhiteElo "2079"]
[LiveChessVersion "1.4.8"]

1. d4 {[%clk 1:30:57]} Nf6 {[%clk 1:30:57]} 2. c4 {[%clk 1:31:11]} Nc6
{[%clk 1:31:23]} 3. Nf3 {[%clk 1:26:10]} e6 {[%clk 1:31:49]} 4. g3
{[%clk 1:24:05]} Bb4+ {[%clk 1:29:51]} 5. Bd2 {[%clk 1:23:05]} Bxd2+
{[%clk 1:30:16]} 6. Nbxd2 {[%clk 1:21:09]} d6 {[%clk 1:30:36]} 7. Bg2
{[%clk 1:20:49]} O-O {[%clk 1:30:57]} 8. O-O {[%clk 1:21:06]} e5 {[%clk 1:31:01]}
9. d5 {[%clk 1:16:51]} Nb8 {[%clk 1:30:34]} 10. Rc1 {[%clk 1:15:21]} Qe7
{[%clk 1:26:17]} 11. e4 {[%clk 1:11:12]} a5 {[%clk 1:21:36]} 12. Ne1
{[%clk 1:07:22]} Na6 {[%clk 1:17:21]} 13. Nd3 {[%clk 1:06:08]} Nd7
{[%clk 1:10:25]} 14. a3 {[%clk 0:59:48]} Ndc5 {[%clk 0:57:56]} 15. Nxc5
{[%clk 0:58:06]} Nxc5 {[%clk 0:57:20]} 16. b4 {[%clk 0:57:05]} axb4
{[%clk 0:57:46]} 17. axb4 {[%clk 0:57:29]} Na4 {[%clk 0:57:18]} 18. Qc2
{[%clk 0:55:09]} b6 {[%clk 0:45:57]} 19. Ra1 {[%clk 0:50:41]} Bd7
{[%clk 0:46:04]} 20. Ra3 {[%clk 0:49:50]} b5 {[%clk 0:42:12]} 21. Rfa1
{[%clk 0:47:49]} f5 22. cxb5 {[%clk 0:42:43]} Bxb5 {[%clk 0:35:04]} 23. exf5
{[%clk 0:40:14]} Qf7 {[%clk 0:26:42]} 24. Be4 {[%clk 0:34:50]} g6
{[%clk 0:18:02]} 25. Rf3 {[%clk 0:33:32]} gxf5 {[%clk 0:13:29]} 26. Rxf5
{[%clk 0:32:05]} Qg7 {[%clk 0:12:18]} 27. Rxf8+ {[%clk 0:26:35]} Rxf8
{[%clk 0:12:41]} 28. Rxa4 {[%clk 0:26:42]} Bxa4 {[%clk 0:13:09]} 29. Qxa4
{[%clk 0:27:03]} Rb8 {[%clk 0:10:27]} 30. Nf3 {[%clk 0:18:55]} Rf8
{[%clk 0:08:51]} 31. Qc2 {[%clk 0:17:48]} Rb8 {[%clk 0:08:00]} 32. Qd2
{[%clk 0:14:14]} h6 {[%clk 0:07:46]} 33. Nh4 {[%clk 0:13:02]} Qg5
{[%clk 0:07:36]} 34. Qc3 {[%clk 0:11:30]} Rc8 {[%clk 0:05:13]} 35. Bf5
{[%clk 0:10:35]} Rf8 {[%clk 0:05:40]} 36. Be6+ {[%clk 0:10:27]} Kh8
{[%clk 0:05:30]} 37. Qxc7 {[%clk 0:10:39]} Qf6 {[%clk 0:05:53]} 38. Bf5
{[%clk 0:10:21]} 1-0

[Event "WCO 2016"]
[Site "?"]
[Date "2016.09.13"]
[Round "11"]
[Board "24"]
[WhiteID "13901001"]
[White "Partac Elena"]
[BlackID "14601036"]
[Black "Leonardi Caterina"]
[Result "1-0"]
[BlackElo "2024"]
[WhiteElo "2086"]
[LiveChessVersion "1.4.8"]

1. e4 {[%clk 1:30:49]} d6 {[%clk 1:30:35]} 2. d4 {[%clk 1:31:15]} g6
{[%clk 1:30:17]} 3. Nc3 {[%clk 1:31:41]} Bg7 {[%clk 1:30:22]} 4. g3
{[%clk 1:32:07]} Nc6 {[%clk 1:30:26]} 5. Be3 {[%clk 1:31:52]} Nf6
{[%clk 1:29:55]} 6. h3 {[%clk 1:31:39]} O-O {[%clk 1:28:48]} 7. Bg2
{[%clk 1:32:07]} e5 {[%clk 1:28:34]} 8. Nge2 {[%clk 1:32:20]} Nh5
{[%clk 1:03:57]} 9. O-O {[%clk 1:11:24]} f5 {[%clk 0:59:40]} 10. exf5
{[%clk 1:00:52]} gxf5 {[%clk 0:58:04]} 11. dxe5 {[%clk 1:01:09]} dxe5
{[%clk 0:57:38]} 12. Bc5 {[%clk 0:57:08]} Re8 {[%clk 0:51:46]} 13. Nb5
{[%clk 0:48:50]} Bd7 {[%clk 0:49:28]} 14. Bd5+ {[%clk 0:39:52]} Be6
{[%clk 0:47:41]} 15. Bxc6 {[%clk 0:23:22]} bxc6 {[%clk 0:46:24]} 16. Qxd8
{[%clk 0:23:43]} Rexd8 {[%clk 0:46:24]} 17. Nxc7 {[%clk 0:22:57]} Bc4
{[%clk 0:46:25]} 18. Nxa8 {[%clk 0:22:51]} Bxe2 {[%clk 0:45:29]} 19. Rfe1
{[%clk 0:20:59]} Bf3 {[%clk 0:44:37]} 20. Nc7 {[%clk 0:21:01]} Rd2
{[%clk 0:43:36]} 21. Rac1 {[%clk 0:17:29]} f4 {[%clk 0:41:30]} 22. g4
{[%clk 0:15:50]} Nf6 {[%clk 0:39:17]} 23. Rxe5 {[%clk 0:11:53]} Nd5
{[%clk 0:39:15]} 24. Re8+ {[%clk 0:11:26]} Kf7 {[%clk 0:39:39]} 25. Rce1
{[%clk 0:05:21]} Nxc7 {[%clk 0:37:02]} 26. R8e7+ {[%clk 0:05:46]} Kg6
{[%clk 0:37:21]} 27. Rxc7 {[%clk 0:05:40]} Rxc2 {[%clk 0:37:05]} 28. Bxa7
{[%clk 0:01:44]} Bxb2 {[%clk 0:36:27]} 29. a4 {[%clk 0:01:14]} Bc3
{[%clk 0:36:14]} 30. Rf1 {[%clk 0:00:43]} Ra2 {[%clk 0:35:43]} 31. Rd7
{[%clk 0:00:33]} Rxa4 {[%clk 0:33:48]} 32. Rd3 {[%clk 0:00:47]} Be2
{[%clk 0:33:28]} 33. Rxc3 {[%clk 0:01:07]} Bxf1 {[%clk 0:32:41]} 34. Rxc6+
{[%clk 0:01:36]} Kg5 {[%clk 0:33:00]} 35. Rc5+ {[%clk 0:00:58]} Kf6
{[%clk 0:32:31]} 36. Rf5+ {[%clk 0:00:57]} Kg6 {[%clk 0:32:35]} 37. Kxf1
{[%clk 0:01:19]} Rxa7 {[%clk 0:32:57]} 38. Rxf4 {[%clk 0:01:46]} h5
{[%clk 0:32:56]} 39. Rf5 {[%clk 0:02:05]} hxg4 {[%clk 0:33:06]} 40. hxg4
{[%clk 0:32:32]} Ra4 {[%clk 1:03:23]} 41. f3 {[%clk 0:32:58]} Ra2
{[%clk 1:03:33]} 42. Re5 {[%clk 0:31:12]} Rb2 {[%clk 1:03:17]} 43. Re2
{[%clk 0:31:37]} Rb5 {[%clk 1:02:43]} 44. Kf2 {[%clk 0:32:04]} Kg5
{[%clk 1:03:03]} 45. Kg3 {[%clk 0:32:21]} Rb3 {[%clk 1:03:25]} 46. Re5+
{[%clk 0:32:45]} Kf6 {[%clk 1:03:49]} 47. Rf5+ {[%clk 0:33:12]} Kg6
{[%clk 1:04:15]} 48. Ra5 {[%clk 0:31:17]} Kf6 {[%clk 1:04:13]} 49. g5+
{[%clk 0:31:21]} Kg6 {[%clk 1:04:37]} 50. Kg4 {[%clk 0:31:49]} Rb1
{[%clk 1:04:39]} 51. Ra6+ {[%clk 0:32:02]} Kg7 {[%clk 1:05:03]} 52. f4
{[%clk 0:31:49]} Rb4 {[%clk 1:05:21]} 53. g6 {[%clk 0:32:07]} Rb5
{[%clk 1:05:42]} 54. f5 {[%clk 0:32:31]} Rb1 {[%clk 1:05:56]} 55. Ra7+
{[%clk 0:32:52]} Kf6 {[%clk 1:06:04]} 56. Rf7+ {[%clk 0:33:14]} Ke5
{[%clk 1:06:30]} 57. Kg5 {[%clk 0:32:35]} 1-0

[Event "WCO 2016"]
[Site "?"]
[Date "2016.09.13"]
[Round "11"]
[Board "25"]
[WhiteID "1700030"]
[White "Cramling Pia"]
[BlackID "1118080"]
[Black "Worek Joanna"]
[Result "1-0"]
[BlackElo "2360"]
[WhiteElo "2444"]
[LiveChessVersion "1.4.8"]

1. Nf3 {[%clk 1:30:54]} Nf6 {[%clk 1:30:41]} 2. c4 {[%clk 1:31:13]} e6
{[%clk 1:30:58]} 3. g3 {[%clk 1:31:08]} c5 {[%clk 1:30:43]} 4. Bg2
{[%clk 1:31:15]} Be7 {[%clk 1:30:45]} 5. O-O {[%clk 1:30:36]} O-O
{[%clk 1:30:32]} 6. Nc3 {[%clk 1:24:41]} Nc6 {[%clk 1:28:18]} 7. d4
{[%clk 1:24:13]} cxd4 {[%clk 1:27:24]} 8. Nxd4 {[%clk 1:24:33]} d5
{[%clk 1:27:30]} 9. cxd5 {[%clk 1:16:15]} Nxd5 {[%clk 1:26:52]} 10. Nxd5
{[%clk 1:05:07]} exd5 {[%clk 1:27:08]} 11. Be3 {[%clk 1:04:14]} Bf6
{[%clk 1:19:44]} 12. Rc1 {[%clk 1:00:47]} Nxd4 {[%clk 1:11:48]} 13. Bxd4
{[%clk 1:01:07]} Be6 {[%clk 1:12:07]} 14. e3 {[%clk 0:52:27]} Bxd4
{[%clk 1:02:33]} 15. Qxd4 {[%clk 0:52:51]} Qb6 {[%clk 1:02:53]} 16. Rfd1
{[%clk 0:41:04]} Rfd8 {[%clk 0:56:46]} 17. Rc5 {[%clk 0:40:40]} g6
{[%clk 0:55:27]} 18. h4 {[%clk 0:39:15]} h5 {[%clk 0:53:34]} 19. b3
{[%clk 0:32:14]} Rd6 {[%clk 0:40:37]} 20. b4 {[%clk 0:25:44]} Rad8
{[%clk 0:39:50]} 21. a4 {[%clk 0:26:00]} R6d7 {[%clk 0:37:33]} 22. Qc3
{[%clk 0:22:45]} Qa6 {[%clk 0:34:16]} 23. a5 {[%clk 0:20:07]} Qe2
{[%clk 0:23:19]} 24. Rd4 {[%clk 0:20:05]} Qa2 {[%clk 0:18:17]} 25. Rd2
{[%clk 0:17:58]} Qb1+ {[%clk 0:18:41]} 26. Kh2 {[%clk 0:18:20]} b6
{[%clk 0:14:40]} 27. axb6 {[%clk 0:15:57]} axb6 {[%clk 0:15:09]} 28. Rc6
{[%clk 0:16:15]} Ra7 {[%clk 0:15:08]} 29. Qb2 {[%clk 0:11:52]} Qxb2
{[%clk 0:10:35]} 30. Rxb2 {[%clk 0:12:20]} b5 {[%clk 0:10:17]} 31. Rb6
{[%clk 0:11:25]} d4 {[%clk 0:10:35]} 32. exd4 {[%clk 0:11:39]} Bc4
{[%clk 0:08:32]} 33. Bc6 {[%clk 0:09:11]} Rxd4 {[%clk 0:06:09]} 34. Bxb5
{[%clk 0:09:32]} Ra2 {[%clk 0:06:27]} 35. Rxa2 {[%clk 0:09:35]} Bxa2
{[%clk 0:06:56]} 36. Bc6 {[%clk 0:09:34]} Kg7 {[%clk 0:07:05]} 37. b5
{[%clk 0:07:36]} Bd5 {[%clk 0:07:06]} 38. Bxd5 {[%clk 0:06:32]} Rxd5
{[%clk 0:07:34]} 39. Kg2 {[%clk 0:06:50]} Rd3 {[%clk 0:08:00]} 40. Kf1
{[%clk 0:32:13]} Rd2 {[%clk 0:38:25]} 41. Ke1 {[%clk 0:27:36]} Rb2
{[%clk 0:38:51]} 42. Rb7 {[%clk 0:27:04]} Kf6 {[%clk 0:38:21]} 43. b6
{[%clk 0:23:40]} Ke6 {[%clk 0:32:01]} 44. f3 {[%clk 0:22:38]} f6 {[%clk 0:29:48]}
45. Kd1 {[%clk 0:20:01]} Rf2 {[%clk 0:23:44]} 46. Rc7 {[%clk 0:16:25]} Rb2
{[%clk 0:15:02]} 47. b7 {[%clk 0:15:19]} g5 {[%clk 0:13:33]} 48. Kc1
{[%clk 0:12:24]} Rb4 {[%clk 0:11:05]} 49. Kd2 {[%clk 0:09:06]} gxh4
{[%clk 0:10:51]} 50. gxh4 {[%clk 0:09:32]} Ke5 {[%clk 0:09:39]} 51. Re7+
{[%clk 0:05:05]} Kf5 {[%clk 0:08:12]} 52. Kd3 {[%clk 0:04:54]} Rb1
{[%clk 0:08:03]} 53. Kc3 {[%clk 0:05:06]} Rb6 {[%clk 0:03:10]} 54. Kc4
{[%clk 0:05:13]} Rb1 {[%clk 0:03:39]} 55. Kc5 {[%clk 0:05:24]} Rb2
{[%clk 0:03:26]} 56. Kc6 {[%clk 0:05:35]} Kf4 {[%clk 0:03:30]} 57. Rh7
{[%clk 0:05:48]} Rc2+ {[%clk 0:02:46]} 58. Kd7 {[%clk 0:06:00]} Rb2
{[%clk 0:03:15]} 59. Kc8 {[%clk 0:05:54]} Kxf3 {[%clk 0:03:38]} 60. Rxh5
{[%clk 0:06:05]} Kg4 {[%clk 0:03:41]} 61. Rh7 {[%clk 0:06:10]} f5
{[%clk 0:03:29]} 62. b8=Q {[%clk 0:06:28]} 1-0

[Event "WCO 2016"]
[Site "?"]
[Date "2016.09.13"]
[Round "11"]
[Board "26"]
[WhiteID "309672"]
[White "Havlikova Kristyna"]
[BlackID "1708830"]
[Black "Agrest Inna"]
[Result "1/2-1/2"]
[BlackElo "2222"]
[WhiteElo "2271"]
[LiveChessVersion "1.4.8"]

1. e4 {[%clk 1:30:57]} e5 {[%clk 1:30:50]} 2. Nf3 {[%clk 1:31:22]} Nc6
{[%clk 1:31:12]} 3. Bb5 {[%clk 1:31:47]} a6 {[%clk 1:31:25]} 4. Ba4
{[%clk 1:32:06]} Nf6 {[%clk 1:31:43]} 5. O-O {[%clk 1:32:25]} Bc5
{[%clk 1:31:51]} 6. Nxe5 {[%clk 1:32:39]} Nxe5 {[%clk 1:31:47]} 7. d4
{[%clk 1:32:59]} b5 {[%clk 1:31:26]} 8. Bb3 {[%clk 1:33:17]} Bxd4
{[%clk 1:31:42]} 9. Qxd4 {[%clk 1:33:37]} d6 {[%clk 1:32:07]} 10. f4
{[%clk 1:33:54]} Nc6 {[%clk 1:31:32]} 11. Qc3 {[%clk 1:33:54]} Bb7
{[%clk 1:21:13]} 12. Be3 {[%clk 1:32:00]} O-O {[%clk 1:19:29]} 13. Nd2
{[%clk 1:32:23]} Qe7 {[%clk 1:12:30]} 14. e5 {[%clk 1:02:07]} Ng4
{[%clk 1:10:01]} 15. Rae1 {[%clk 0:56:45]} b4 {[%clk 0:49:14]} 16. Qc4
{[%clk 0:53:57]} Na5 {[%clk 0:42:02]} 17. Qe2 {[%clk 0:54:13]} Qh4
{[%clk 0:41:01]} 18. h3 {[%clk 0:50:34]} Nxe3 {[%clk 0:35:56]} 19. Qxe3
{[%clk 0:51:02]} Nxb3 {[%clk 0:33:30]} 20. axb3 {[%clk 0:44:09]} Rae8
{[%clk 0:32:50]} 21. Qa7 {[%clk 0:32:02]} Ba8 {[%clk 0:26:36]} 22. Qf2
{[%clk 0:31:00]} Qh5 {[%clk 0:23:14]} 23. exd6 {[%clk 0:27:34]} cxd6
{[%clk 0:23:36]} 24. Nc4 {[%clk 0:28:00]} Qg6 {[%clk 0:22:07]} 25. Rd1
{[%clk 0:23:53]} Qh5 {[%clk 0:18:05]} 26. Rfe1 {[%clk 0:22:36]} Rxe1+
{[%clk 0:16:22]} 27. Rxe1 {[%clk 0:22:43]} Qg6 {[%clk 0:15:46]} 28. Rd1
{[%clk 0:20:54]} Rd8 {[%clk 0:11:38]} 29. Rd2 {[%clk 0:21:13]} h6
{[%clk 0:10:59]} 30. Kh2 {[%clk 0:16:56]} Be4 {[%clk 0:10:05]} 31. Qb6
{[%clk 0:13:28]} Qf6 {[%clk 0:08:28]} 32. Kg1 {[%clk 0:13:10]} Qh4
{[%clk 0:07:17]} 33. Rxd6 {[%clk 0:08:43]} Rxd6 {[%clk 0:06:11]} 34. Nxd6
{[%clk 0:08:47]} Qxf4 {[%clk 0:03:56]} 35. Qb8+ {[%clk 0:03:28]} Kh7
{[%clk 0:04:20]} 36. Qxb4 {[%clk 0:03:46]} Qc1+ {[%clk 0:03:50]} 37. Kh2
{[%clk 0:04:13]} Qf4+ {[%clk 0:04:06]} 38. Kg1 {[%clk 0:04:37]} Qc1+
{[%clk 0:04:15]} 39. Kh2 {[%clk 0:05:03]} Qf4+ {[%clk 0:04:21]} 1/2-1/2

[Event "WCO 2016"]
[Site "?"]
[Date "2016.09.13"]
[Round "11"]
[Board "27"]
[WhiteID "1712632"]
[White "Fransson Angelina"]
[BlackID "307033"]
[Black "Sikorova Olga"]
[Result "1-0"]
[BlackElo "2234"]
[WhiteElo "1996"]
[LiveChessVersion "1.4.8"]

1. e4 {[%clk 1:30:57]} d5 {[%clk 1:30:51]} 2. exd5 {[%clk 1:31:23]} Nf6
{[%clk 1:31:14]} 3. d4 {[%clk 1:31:44]} Nxd5 {[%clk 1:31:31]} 4. Nf3
{[%clk 1:32:05]} Bg4 {[%clk 1:31:34]} 5. h3 {[%clk 1:32:29]} Bxf3
{[%clk 1:31:40]} 6. Qxf3 {[%clk 1:32:49]} e6 {[%clk 1:32:00]} 7. a3
{[%clk 1:24:52]} Nc6 {[%clk 1:23:46]} 8. Bb5 {[%clk 1:24:13]} Qd7
{[%clk 1:19:59]} 9. c4 {[%clk 1:17:44]} Nb6 {[%clk 1:11:32]} 10. O-O
{[%clk 1:03:36]} O-O-O {[%clk 1:03:31]} 11. Be3 {[%clk 0:57:39]} a6
{[%clk 0:50:15]} 12. Bxc6 {[%clk 0:57:40]} bxc6 {[%clk 0:39:07]} 13. Rc1
{[%clk 0:50:13]} Kb7 {[%clk 0:33:42]} 14. Nd2 {[%clk 0:48:25]} Nc8
{[%clk 0:25:35]} 15. b4 {[%clk 0:44:37]} Na7 {[%clk 0:21:24]} 16. Rab1
{[%clk 0:40:33]} Kb8 {[%clk 0:19:26]} 17. Rb2 {[%clk 0:32:41]} f5
{[%clk 0:16:10]} 18. Nb3 {[%clk 0:31:00]} h6 {[%clk 0:14:53]} 19. Na5
{[%clk 0:22:39]} Be7 {[%clk 0:01:23]} 20. b5 {[%clk 0:18:54]} axb5
{[%clk 0:01:15]} 21. cxb5 {[%clk 0:19:02]} Qd5 {[%clk 0:01:39]} 22. Nxc6+
{[%clk 0:17:33]} Nxc6 {[%clk 0:02:03]} 23. bxc6+ {[%clk 0:17:57]} Ka8
{[%clk 0:02:31]} 24. Qd1 {[%clk 0:16:26]} Qa5 {[%clk 0:02:39]} 25. Rb7
{[%clk 0:15:19]} Rb8 {[%clk 0:02:39]} 26. Rcb1 {[%clk 0:15:32]} Rxb7
{[%clk 0:02:11]} 27. Rxb7 {[%clk 0:15:34]} Rd8 {[%clk 0:00:39]} 28. d5
{[%clk 0:14:10]} Rxd5 {[%clk 0:00:39]} 29. Qb1 {[%clk 0:14:24]} 1-0

[Event "WCO 2016"]
[Site "?"]
[Date "2016.09.13"]
[Round "11"]
[Board "28"]
[WhiteID "325449"]
[White "Rodshtein Tereza"]
[BlackID "32009232"]
[Black "Cramling Bellon Anna"]
[Result "1/2-1/2"]
[BlackElo "1913"]
[WhiteElo "2230"]
[LiveChessVersion "1.4.8"]

1. e4 {[%clk 1:30:55]} c5 {[%clk 1:30:55]} 2. Nf3 {[%clk 1:30:58]} d6
{[%clk 1:31:18]} 3. d4 {[%clk 1:30:58]} cxd4 {[%clk 1:31:41]} 4. Nxd4
{[%clk 1:31:25]} Nf6 {[%clk 1:31:59]} 5. Nc3 {[%clk 1:31:39]} a6 {[%clk 1:32:22]}
6. Bc4 {[%clk 1:31:30]} e6 {[%clk 1:32:37]} 7. Bb3 {[%clk 1:31:49]} Nbd7
{[%clk 1:32:51]} 8. Bg5 {[%clk 1:30:15]} Nc5 {[%clk 1:33:01]} 9. f4
{[%clk 1:29:41]} Be7 {[%clk 1:32:30]} 10. Qf3 {[%clk 1:26:48]} Qc7
{[%clk 1:32:10]} 11. O-O {[%clk 1:24:56]} O-O {[%clk 1:19:52]} 12. a4
{[%clk 1:19:53]} b6 {[%clk 1:16:12]} 13. f5 {[%clk 1:20:10]} Nxb3
{[%clk 1:13:20]} 14. Nxb3 {[%clk 1:20:29]} Bd7 {[%clk 1:03:01]} 15. Rad1
{[%clk 1:12:48]} b5 {[%clk 0:44:25]} 16. Rd2 {[%clk 0:53:26]} b4 {[%clk 0:34:11]}
17. Ne2 {[%clk 0:52:37]} Bxa4 {[%clk 0:22:50]} 18. Ng3 {[%clk 0:49:33]} Bc6
{[%clk 0:16:41]} 19. Nd4 {[%clk 0:31:01]} Bxe4 {[%clk 0:14:34]} 20. Qe2
{[%clk 0:30:38]} d5 {[%clk 0:09:54]} 21. fxe6 {[%clk 0:27:25]} fxe6
{[%clk 0:10:23]} 22. Nxe6 {[%clk 0:27:30]} Qb6+ {[%clk 0:10:34]} 23. Nd4
{[%clk 0:27:44]} Bc5 {[%clk 0:10:31]} 24. Be3 {[%clk 0:26:22]} Rae8
{[%clk 0:09:50]} 25. c3 {[%clk 0:21:41]} Bg6 {[%clk 0:07:41]} 26. Re1
{[%clk 0:20:56]} Ne4 {[%clk 0:05:21]} 27. Nxe4 {[%clk 0:20:25]} Rxe4
{[%clk 0:05:15]} 28. Qd1 {[%clk 0:20:17]} Rfe8 {[%clk 0:05:16]} 29. Bf2
{[%clk 0:20:27]} bxc3 {[%clk 0:02:22]} 30. bxc3 {[%clk 0:20:55]} Qa5
{[%clk 0:02:09]} 31. Rxe4 {[%clk 0:19:58]} Rxe4 {[%clk 0:01:19]} 32. Qf3
{[%clk 0:15:38]} Qc7 {[%clk 0:00:38]} 33. Re2 {[%clk 0:12:25]} Qf4
{[%clk 0:00:36]} 34. Qxf4 {[%clk 0:05:12]} Rxf4 {[%clk 0:01:05]} 35. Rd2
{[%clk 0:05:38]} Be4 {[%clk 0:00:44]} 36. Be3 {[%clk 0:03:36]} Rf6
{[%clk 0:00:57]} 37. Nc2 {[%clk 0:03:00]} Bxe3+ {[%clk 0:00:55]} 38. Nxe3
{[%clk 0:03:28]} Rc6 {[%clk 0:00:44]} 39. Nxd5 {[%clk 0:02:16]} Bxd5
{[%clk 0:00:50]} 40. Rxd5 {[%clk 0:32:44]} Rxc3 {[%clk 0:30:56]} 41. Rd8+
{[%clk 0:32:33]} Kf7 {[%clk 0:31:17]} 42. Rd7+ {[%clk 0:32:56]} Kf8
{[%clk 0:29:32]} 43. Ra7 {[%clk 0:32:20]} Ra3 {[%clk 0:21:52]} 44. h4
{[%clk 0:32:10]} h5 {[%clk 0:19:21]} 45. Kh2 {[%clk 0:27:32]} Kg8
{[%clk 0:19:12]} 46. Rb7 {[%clk 0:27:25]} Kh7 {[%clk 0:10:18]} 47. Rb6
{[%clk 0:27:48]} a5 {[%clk 0:09:41]} 48. Ra6 {[%clk 0:28:00]} a4 {[%clk 0:08:21]}
49. Ra5 {[%clk 0:27:54]} Kg6 {[%clk 0:08:05]} 50. Rg5+ {[%clk 0:28:04]} Kh6
{[%clk 0:08:00]} 51. Ra5 {[%clk 0:28:21]} Kg6 {[%clk 0:05:36]} 52. Rg5+
{[%clk 0:28:42]} Kh6 {[%clk 0:04:16]} 53. Ra5 {[%clk 0:29:05]} Kg6
{[%clk 0:04:17]} 54. Rg5+ {[%clk 0:21:13]} 1/2-1/2